000 01520nam a2200385 i 4500
003 KOSZ 005
005 20191224082756.0
008 970510s1994 pl |000 0 pol
015 _aPB 1995/11454
035 _a(OCoLC)830051325
040 _aWA N
_cWA N
_dKOSZ 005/HR
080 _a1(091)
080 _a(075.8)
245 0 0 _aFilozofia europejska w wypisach :
_bod Heraklita do Bergsona : (antologia myśli filozoficznej od V wieku p.n.e. do XX wieku n.e.) /
_cwybór i oprac. Józef Lepianka ; Wyższa Szkoła Inżynierska w Koszalinie.
250 _a[Wyd. 2].
260 _aKoszalin :
_bWydawnictwo Uczelniane WSI,
_c1994.
300 _a362 s. ;
_c24 cm.
336 _2rdacontent
_aTekst
_btxt
337 _2rdamedia
_aBez urządzenia pośredniczącego
_bn
338 _2rdacarrier
_aWolumin
_bnc
380 _aKsiążki
380 _aPublikacje dydaktyczne
385 _mPoziom nauczania
_aSzkoły wyższe
388 _a1901-2000
388 _a1989-2000
500 _aWyd. 1 pt. : Historia filozofii niemarksistowskiej w wypisach.
521 _aSkrypt Instytutu Zarządzania i Marketingu.
650 4 _aFilozofia
658 _aFilozofia i etyka
655 4 _aMateriały pomocnicze dla szkół wyższych
700 1 _aLepianka, Józef
_eWybór
710 2 _aWydawnictwo Uczelniane (Wyższa Szkoła Inżynierska ; Koszalin)
_4pbl.
856 _uhttp://koha.tu.koszalin.pl/cgi-bin/koha/opac-detail.pl?biblionumber=52019
_yKatalog online BPK
942 _2UKD
_cKS
999 _c52019
_d52019